| 000 | 00492nam a2200157 4500 | ||
|---|---|---|---|
| 999 |
_c12555 _d12555 |
||
| 008 | 240220b ||||| |||| 00| 0 eng d | ||
| 040 | _aBMS College of Architecture | ||
| 100 | _aBadam Lokesh | ||
| 245 | _aThe urban expression Centre ,Bengaluru | ||
| 300 | _a57p. | ||
| 500 | _a1CF19AT016 | ||
| 502 |
_8B,Arch _NBMS College of Architecture, Visvesvaraya Technological University (VTU) _aProject report _d2023 |
||
| 700 |
_aMamatha P Raj _eGuide |
||
| 710 |
_aSindhu S _aGuide |
||
| 942 | _2ddc | ||